000 00809nam a22002297a 4500
999 _c10423
_d10423
003 AR-CdUCM
008 190401b ||||| |||| 00| 0 spa d
040 _aMUNICIPALIDAD PROVINCIAL DEL CUSCO
_cBIBLIOTECA MUNICIPAL DEL CUSCO
082 _aEP / 030 /
_bA68
_2tercera
100 _aArestein, Jean
_927267
245 _aConstruyo objetos prácticos de metal /
260 _aMadrid :
_bSantillana,
_c1968.
300 _a110 páginas ;
_bimágenes.
_c21 cm.
440 _aEnciclopedia de las aficiones.
_927268
505 _aContenido: Herramientas de la técnica de trabajo -- Bandejas y cubetas -- Las comidas de los dias de fiesta ...
650 _aDIbujo.
_927269
650 _aEducación.
_9460
650 _aAficiones.
_927270
700 _aRommel, Willi
_927323
942 _2ddc
_cLIBROS
945 _awfj